ARRUPE JESUIT UNIVERSITY

CORONAVIRUS -STOP THE SPREAD - CLEAN,DISINFECT,COVER

The Renaissance debate / (Record no. 118362)

MARC details
000 -LEADER
fixed length control field 00909cam a2200277 i 4500
001 - CONTROL NUMBER
control field 4124691
003 - CONTROL NUMBER IDENTIFIER
control field ARRUPE
005 - DATE AND TIME OF LATEST TRANSACTION
control field 20131022133950.0
008 - FIXED-LENGTH DATA ELEMENTS--GENERAL INFORMATION
fixed length control field 760420r1976 nyu b 000 0 eng
010 ## - LIBRARY OF CONGRESS CONTROL NUMBER
LC control number 76014923
020 ## - INTERNATIONAL STANDARD BOOK NUMBER
International Standard Book Number 0882754254 :
Terms of availability $3.75
040 ## - CATALOGING SOURCE
Original cataloging agency DLC
Transcribing agency DLC
Modifying agency DLC
043 ## - GEOGRAPHIC AREA CODE
Geographic area code e------
050 10 - LIBRARY OF CONGRESS CALL NUMBER
Classification number CB361
Item number .H3 1976
082 00 - DEWEY DECIMAL CLASSIFICATION NUMBER
Classification number 940.2/1
300 ## - PHYSICAL DESCRIPTION
Dimensions 23 cm.
100 1# - MAIN ENTRY--PERSONAL NAME
Personal name Hay, Denys,
Relator term ed.
9 (RLIN) 2589
245 14 - TITLE STATEMENT
Title The Renaissance debate /
Statement of responsibility, etc edited by Denys Hay.
260 ## - PUBLICATION, DISTRIBUTION, ETC. (IMPRINT)
Place of publication, distribution, etc Huntington, N.Y. :
Name of publisher, distributor, etc R.E. Krieger Pub. Co.,
Date of publication, distribution, etc 1976, c1965.
300 ## - PHYSICAL DESCRIPTION
Extent 122 p. ;
500 ## - GENERAL NOTE
General note Reprint of the ed. published by Holt, Rinehart and Winston, New York, in series: European problem studies.
504 ## - BIBLIOGRAPHY, ETC. NOTE
Bibliography, etc Bibliography: p. 120-122.
650 #0 - SUBJECT ADDED ENTRY--TOPICAL TERM
Topical term or geographic name as entry element Renaissance.
9 (RLIN) 2590
650 #0 - SUBJECT ADDED ENTRY--TOPICAL TERM
Topical term or geographic name as entry element Civilization, Medieval
Chronological subdivision 12th century.
9 (RLIN) 2591
906 ## - LOCAL DATA ELEMENT F, LDF (RLIN)
a 7
b cbc
c orignew
d 1
e ocip
f 19
g y-gencatlg
942 ## - ADDED ENTRY ELEMENTS (KOHA)
Source of classification or shelving scheme Library of Congress Classification
Koha item type Monograph ( Printed materials)
Holdings
Withdrawn status Lost status Source of classification or shelving scheme Damaged status Not for loan Home library Current library Date acquired Total Checkouts Full call number Barcode Date last seen Price effective from Koha item type
    Library of Congress Classification     ARRUPE LIBRARY ARRUPE LIBRARY 22/10/2013   CV361 .H3 1976 46411285 10/10/2017 22/10/2013 Monograph ( Printed materials)

 

Arrupe Library. PO Box MP320 Mt Pleasant, Harare, Zimbabwe
263 242 745411|librarian@aju.ac.zw